|
|
|
|
| LEADER |
03012nam a22005415i 4500 |
| 001 |
978-1-4020-9215-2 |
| 003 |
DE-He213 |
| 005 |
20151204182509.0 |
| 007 |
cr nn 008mamaa |
| 008 |
100301s2010 ne | s |||| 0|eng d |
| 020 |
|
|
|a 9781402092152
|9 978-1-4020-9215-2
|
| 024 |
7 |
|
|a 10.1007/978-1-4020-9215-2
|2 doi
|
| 040 |
|
|
|d GrThAP
|
| 050 |
|
4 |
|a QB1-991
|
| 050 |
|
4 |
|a QB460-466
|
| 050 |
|
4 |
|a QB980-991
|
| 072 |
|
7 |
|a PGC
|2 bicssc
|
| 072 |
|
7 |
|a SCI004000
|2 bisacsh
|
| 072 |
|
7 |
|a SCI005000
|2 bisacsh
|
| 082 |
0 |
4 |
|a 520
|2 23
|
| 245 |
1 |
0 |
|a Titan from Cassini-Huygens
|h [electronic resource] /
|c edited by Robert H. Brown, Jean-Pierre Lebreton, J. Hunter Waite.
|
| 264 |
|
1 |
|a Dordrecht :
|b Springer Netherlands,
|c 2010.
|
| 300 |
|
|
|a VIII, 535 p.
|b online resource.
|
| 336 |
|
|
|a text
|b txt
|2 rdacontent
|
| 337 |
|
|
|a computer
|b c
|2 rdamedia
|
| 338 |
|
|
|a online resource
|b cr
|2 rdacarrier
|
| 347 |
|
|
|a text file
|b PDF
|2 rda
|
| 505 |
0 |
|
|a Overview -- Earth-Based Perspective and Pre-Cassini–Huygens Knowledge of Titan -- The Origin and Evolution of Titan -- Titan's Interior Structure -- Geology and Surface Processes on Titan -- Composition of Titan's Surface -- Volatile Origin and Cycles: Nitrogen and Methane -- High-Altitude Production of Titan's Aerosols -- Titan's Astrobiology -- Atmospheric Structure and Composition -- Composition and Structure of the Ionosphere and Thermosphere -- Aerosols in Titan's Atmosphere -- Atmospheric Dynamics and Meteorology -- Seasonal Change on Titan -- Mass Loss Processes in Titan's Upper Atmosphere -- Energy Deposition Processes in Titan's Upper Atmosphere and Its Induced Magnetosphere -- Titan in the Cassini—Huygens Extended Mission -- Titan Beyond Cassini—Huygens -- Mapping Products of Titan's Surface.
|
| 520 |
|
|
|a This book reviews our current knowledge of Saturn's largest moon Titan featuring the latest results obtained by the Cassini-Huygens mission. A global author team addresses Titan’s origin and evolution, internal structure, surface geology, the atmosphere and ionosphere as well as magnetospheric interactions. The book closes with an outlook beyond the Cassini-Huygens mission. Colorfully illustrated, this book will serve as a reference to researchers as well as an introduction for students.
|
| 650 |
|
0 |
|a Physics.
|
| 650 |
|
0 |
|a Planetology.
|
| 650 |
|
0 |
|a Astronomy.
|
| 650 |
|
0 |
|a Astrophysics.
|
| 650 |
|
0 |
|a Cosmology.
|
| 650 |
|
0 |
|a Space sciences.
|
| 650 |
1 |
4 |
|a Physics.
|
| 650 |
2 |
4 |
|a Astronomy, Astrophysics and Cosmology.
|
| 650 |
2 |
4 |
|a Extraterrestrial Physics, Space Sciences.
|
| 650 |
2 |
4 |
|a Planetology.
|
| 700 |
1 |
|
|a Brown, Robert H.
|e editor.
|
| 700 |
1 |
|
|a Lebreton, Jean-Pierre.
|e editor.
|
| 700 |
1 |
|
|a Waite, J. Hunter.
|e editor.
|
| 710 |
2 |
|
|a SpringerLink (Online service)
|
| 773 |
0 |
|
|t Springer eBooks
|
| 776 |
0 |
8 |
|i Printed edition:
|z 9781402092145
|
| 856 |
4 |
0 |
|u http://dx.doi.org/10.1007/978-1-4020-9215-2
|z Full Text via HEAL-Link
|
| 912 |
|
|
|a ZDB-2-PHA
|
| 950 |
|
|
|a Physics and Astronomy (Springer-11651)
|